000 00438nam a2200193Ia 4500
005 20240823062016.0
008 240823s9999||||xx |||||||||||||| ||und||
020 _a978-983-68-0316-5
041 _aENGLISH
082 _A411 Q0
100 _aAbraham Sung
245 0 _a350 Junior English Essays
250 _a1st
260 _c2010
_bMinerva Public
500 _aYES
650 _aEssay
_bEnglish
942 _cBK
999 _c234875
_d234875